Geographie Multiple Choice #1 - Statistiken

Allgemein
  • Dieses Quiz wurde 11.288 mal gespielt
  • Das Durchschnittsergebnis liegt bei 10 aus 15
Antwortstatistiken
Frage Antwort % Korrekt
Welche dieser Städte ist NICHT Nationalhauptstadt? Sydney
96%
Welches dieser Länder liegt NICHT in Zentralamerika? Suriname
84%
Welche dieser Städte grenzt NICHT an das Mittelmeer? Lissabon
82%
Welches dieser Länder hat NICHT nur eine Grenze? Nordkorea
76%
Welches dieser Länder war NICHT Teil der Sowjetunion? Polen
72%
Welche dieser Gebirgsketten liegt nicht in Europa? Der Atlas
65%
Welches dieser Länder wird NICHT von den Vereinten Nationen anerkannt? Taiwan
64%
Welche dieser Städte liegt NICHT in der südlichen Hemisphäre? Colombo
62%
Welcher dieser Staaten grenzt NICHT an Kanada? Indiana
62%
Welches dieser Länder war NIE Teil des Britischen Kolonialreiches? Thailand
59%
Was der Folgenden befindet sich NICHT in Afrika? Wüste Gobi
57%
Welches dieser Länder ist nicht einer der Top 20 Ölproduzenten? Marokko
55%
Welche dieser Städte grenzt NICHT an die Großen Seen? Pittsburgh
48%
Welches dieser Länder ist NICHT mehrheitlich-muslimisch? Äthiopien
42%
Welche dieser Städte liegt NICHT in Indien? Karachi
36%
Keine übereinstimmenden Quizze gefunden
Verteilung der Resultate
Anzahl Personen mit jedem Resultat
Perzentil nach korrekt beantworteten Fragen
Ihre Resultats-Entwicklung
Sie haben dieses Quiz noch nicht gespielt